| 000 | 00617nam a2200253Ia 4500 | ||
|---|---|---|---|
| 008 | 171120s9999 xx 000 0 und d | ||
| 020 | _a9.7805458263e+012 | ||
| 050 | _a31.02 | ||
| 050 | _bB187 2015 | ||
| 100 | _aBall, Jacqueline A. | ||
| 245 | _aAlmanac for kids 2016 / | ||
| 245 | _cby Jacqueline A. Ball. | ||
| 260 | _aNew York : | ||
| 260 | _bScholastic, | ||
| 260 | _c2015 | ||
| 300 | _a352 pages : | ||
| 300 | _bcolor illustrations ; | ||
| 300 | _c23cm. | ||
| 500 | _aIncludes index. | ||
| 650 | _aAlmanacs -- | ||
| 650 | _aAlmanacs. | ||
| 650 | _xJuvenile literature. | ||
| 700 | _aTitle. | ||
| 999 |
_c345204 _d345204 |
||